Miasta w Województwie Pomorskim - Statystyki

Ogólne statystyki
  • Ten quiz został rozwiązany 55 razy
    48 od ostatniego zresetowania
  • Średni wynik to 21 z 42
Statystyki odpowiedzi
Miasta % Poprawnych
Gdańsk
98%
Gdynia
98%
Sopot
91%
Władysławowo
77%
Słupsk
73%
Tczew
73%
Wejherowo
73%
Hel
70%
Starogard Gdański
70%
Ustka
70%
Rumia
66%
Chojnice
64%
Łeba
64%
Malbork
64%
Puck
61%
Bytów
57%
Kościerzyna
57%
Reda
57%
Jastarnia
55%
Lębork
55%
Pruszcz Gdański
55%
Kartuzy
52%
Kwidzyn
50%
Nowy Dwór Gdański
50%
Człuchów
43%
Krynica Morska
43%
Żukowo
43%
Miastko
36%
Gniew
32%
Pelplin
32%
Sztum
32%
Czarne
27%
Czarna Woda
25%
Prabuty
25%
Skórcz
25%
Brusy
23%
Czersk
20%
Debrzno
18%
Dzierzgoń
16%
Kępice
16%
Nowy Staw
16%
Skarszewy
14%
Nie znaleziono quizów pasujących do podanych kryteriów
Rozkład punktacji
Procent ludzi z każdym wynikiem
Percentyl według liczby udzielonych odpowiedzi
Twoja historia wyników
Nie rozwiązałeś tego quizu od ostatniego zresetowania